Využitie metód value-at-risk na meranie kurzového rizika dizertačná práca

Gespeichert in:
Bibliographische Detailangaben
1. Verfasser: Rimarčík, Marián
Körperschaft: Ekonomická univerzita v Bratislave. Podnikovohospodárska fakulta so sídlom v Košiciach
Weitere Verfasser: Varcholová, Tatiana
Format: Buch
Sprache:Slowakisch
Veröffentlicht: Košice 2004
Schlagworte:
Tags: Tag hinzufügen
Keine Tags, Fügen Sie das erste Tag hinzu!

MARC

LEADER 00000nam$a2200000$$$4500
001 0040404
005 20240104093401.5
041 0 |a slo 
044 |a SK 
245 1 0 |a Využitie metód value-at-risk na meranie kurzového rizika  |b dizertačná práca  |c Marián Rimarčík ; školiteľ: Tatiana Varcholová 
264 1 |a Košice  |c 2004 
300 |a 153 s. 
610 2 0 |a riziko kurzové 
610 2 0 |a metódy matematické 
610 2 0 |a analýza faktorová 
610 2 0 |a výnosy 
610 2 0 |a mena 
100 1 |a Rimarčík, Marián 
700 1 |a Varcholová, Tatiana 
710 2 |a Ekonomická univerzita v Bratislave. Podnikovohospodárska fakulta so sídlom v Košiciach